| 000 | 01133cab a2200253 4500 | ||
|---|---|---|---|
| 001 | ABS48663 | ||
| 008 | 090401t1993 xxu||||| |||| 00| 0 eng d | ||
| 035 | _a(Sirsi) u67882 | ||
| 041 | _aeng | ||
| 245 | _aTake Harvest Ltd v Liu and another | ||
| 260 | _c1993 | ||
| 350 | _a0 | ||
| 490 |
_aAll England Law Reports _v(1993) ALL ER 459-474(16) |
||
| 520 | _aPC 9 March 1993. The defendants (L) sold a residential apartment in Hong Kong to the plaintiff (T) on a sale and leaseback agreement. T was entitled to terminate the tenancy by one month`s prior notice in writing. L informed T of an intention to vacate the premises on a specific date. The day after the specified date L sent T a fax requesting return of deposit less outstanding rent. T refused to accept the surrender. L and T both had their appeals "held" in part. | ||
| 650 | _aCONVEYANCING AND PROPERTY ORDINANCE HONG KONG | ||
| 650 | _aHONG KONG | ||
| 650 | _aLEASES | ||
| 650 | _aORAL AGREEMENT | ||
| 650 | _aSALE AND LEASEBACK | ||
| 650 | _aSURRENDER | ||
| 690 | _aLANDLORD AND TENANT-CASE LAW-BUSINESS TENANCIES | ||
| 942 | _n0 | ||
| 948 | _c04/03/1997 | ||
| 999 |
_c42531 _d42531 |
||